[Event "2020 Australian Chess Championship"]
[Site "Sydney, Australia"]
[Date "2020.01.04"]
[Round "3.1"]
[White "Kuybokarov, Temur"]
[Black "McClymont, Brodie"]
[Result "1-0"]
[WhiteElo "2523"]
[BlackElo "2421"]

1. e4 {[%clk 01:30:53]} {[%emt 00:00:06]} c5 {[%clk 01:30:50]} {[%emt
00:00:11]} 2. Nf3 {[%clk 01:31:12]} {[%emt 00:00:11]} d6 {[%clk 01:30:51]}
{[%emt 00:00:28]} 3. d4 {[%clk 01:31:29]} {[%emt 00:00:14]} cxd4 {[%clk
01:31:17]} {[%emt 00:00:04]} 4. Nxd4 {[%clk 01:31:47]} {[%emt 00:00:10]} Nf6
{[%clk 01:31:42]} {[%emt 00:00:07]} 5. Nc3 {[%clk 01:32:00]} {[%emt 00:00:15]}
a6 {[%clk 01:31:58]} {[%emt 00:00:16]} 6. Bg5 {[%clk 01:32:08]} {[%emt
00:00:22]} Nbd7 {[%clk 01:30:19]} {[%emt 00:02:10]} 7. Bc4 {[%clk 01:32:13]}
{[%emt 00:00:22]} e6 {[%clk 01:30:25]} {[%emt 00:00:26]} 8. Qe2 {[%clk
01:32:14]} {[%emt 00:00:29]} h6 {[%clk 01:30:45]} {[%emt 00:00:10]} 9. Bh4
{[%clk 01:32:36]} {[%emt 00:00:08]} Qa5 {[%clk 01:30:59]} {[%emt 00:00:16]} 10.
f4 {[%clk 01:12:51]} {[%emt 00:20:14]} Qh5 {[%clk 01:19:02]} {[%emt 00:12:28]}
11. Qxh5 {[%clk 01:02:45]} {[%emt 00:10:35]} Nxh5 {[%clk 01:19:15]} {[%emt
00:00:17]} 12. f5 {[%clk 01:00:54]} {[%emt 00:02:20]} Ne5 {[%clk 01:09:23]}
{[%emt 00:10:22]} 13. Bb3 {[%clk 00:58:53]} {[%emt 00:02:31]} Nc6 {[%clk
00:55:02]} {[%emt 00:14:53]} 14. Nce2 {[%clk 00:49:37]} {[%emt 00:09:44]} Nf4
{[%clk 00:35:15]} {[%emt 00:20:18]} 15. Nxf4 {[%clk 00:41:23]} {[%emt
00:08:43]} Nxd4 {[%clk 00:35:41]} {[%emt 00:00:05]} 16. fxe6 {[%clk 00:41:36]}
{[%emt 00:00:17]} Nxb3 {[%clk 00:32:29]} {[%emt 00:03:42]} 17. axb3 {[%clk
00:37:45]} {[%emt 00:04:20]} Bxe6 {[%clk 00:31:38]} {[%emt 00:01:21]} 18. O-O-O
{[%clk 00:34:49]} {[%emt 00:03:25]} g5 {[%clk 00:25:03]} {[%emt 00:07:05]} 19.
Nxe6 {[%clk 00:35:02]} {[%emt 00:00:17]} fxe6 {[%clk 00:25:30]} {[%emt
00:00:04]} 20. Bg3 {[%clk 00:34:58]} {[%emt 00:00:33]} Rd8 {[%clk 00:25:40]}
{[%emt 00:00:20]} 21. Rd3 {[%clk 00:34:05]} {[%emt 00:01:23]} Rh7 {[%clk
00:24:54]} {[%emt 00:01:16]} 22. h4 {[%clk 00:32:41]} {[%emt 00:01:53]} gxh4
{[%clk 00:23:09]} {[%emt 00:02:15]} 23. Bxh4 {[%clk 00:32:35]} {[%emt
00:00:37]} Be7 {[%clk 00:16:36]} {[%emt 00:07:04]} 24. Rdh3 {[%clk 00:32:18]}
{[%emt 00:00:46]} Rg7 {[%clk 00:16:26]} {[%emt 00:00:41]} 25. Bxe7 {[%clk
00:31:19]} {[%emt 00:01:29]} Kxe7 {[%clk 00:16:51]} {[%emt 00:00:04]} 26. Rxh6
{[%clk 00:31:43]} {[%emt 00:00:06]} Rxg2 {[%clk 00:14:49]} {[%emt 00:02:33]} 27.
Rf1 {[%clk 00:28:11]} {[%emt 00:04:02]} Rdg8 {[%clk 00:12:00]} {[%emt
00:03:19]} 28. Rff6 {[%clk 00:27:41]} {[%emt 00:01:00]} Re2 {[%clk 00:12:03]}
{[%emt 00:00:27]} 29. Rxe6+ {[%clk 00:27:24]} {[%emt 00:00:47]} Kd7 {[%clk
00:12:30]} {[%emt 00:00:03]} 30. Rxd6+ {[%clk 00:27:41]} {[%emt 00:00:13]} Kc7
{[%emt 00:00:12]} 31. Rdg6 {[%clk 00:26:34]} {[%emt 00:01:28]} Rd8 {[%clk
00:11:07]} {[%emt 00:02:21]} 32. Rg7+ {[%clk 00:26:12]} {[%emt 00:00:51]} Kb8
{[%clk 00:11:32]} {[%emt 00:00:05]} 33. Kb1 {[%clk 00:26:07]} {[%emt 00:00:35]}
Rd1+ {[%clk 00:08:03]} {[%emt 00:03:59]} 34. Ka2 {[%clk 00:26:33]} {[%emt
00:00:04]} Rxc2 {[%clk 00:08:30]} {[%emt 00:00:03]} 35. Rh8+ {[%clk 00:26:10]}
{[%emt 00:00:53]} Ka7 {[%clk 00:08:48]} {[%emt 00:00:12]} 36. Rhh7 {[%clk
00:26:34]} {[%emt 00:00:05]} Rdd2 {[%clk 00:09:10]} {[%emt 00:00:08]} 37. Rxb7+
{[%clk 00:26:23]} {[%emt 00:00:41]} Ka8 {[%clk 00:09:37]} {[%emt 00:00:03]} 38.
Rbe7 {[%clk 00:25:23]} {[%emt 00:01:28]} Rxb2+ {[%clk 00:09:47]} {[%emt
00:00:23]} 39. Ka3 {[%clk 00:25:45]} {[%emt 00:00:07]} Ra2+ {[%clk 00:10:11]}
{[%emt 00:00:06]} 40. Kb4 {[%clk 00:26:05]} {[%emt 00:00:10]} Rd8 {[%clk
00:10:27]} {[%emt 00:00:15]} 41. Ra7+ {[%clk 00:23:46]} {[%emt 00:02:48]} Kb8
{[%clk 00:10:54]} {[%emt 00:00:03]} 42. Rhb7+ {[%clk 00:23:46]} {[%emt
00:00:30]} Kc8 {[%clk 00:11:20]} {[%emt 00:00:04]} 43. e5 {[%clk 00:23:58]}
{[%emt 00:00:18]} Re2 {[%clk 00:07:29]} {[%emt 00:04:21]} 44. Re7 {[%clk
00:23:57]} {[%emt 00:00:31]} Kb8 {[%clk 00:07:06]} {[%emt 00:00:54]} 45. Rxa6
{[%clk 00:24:16]} {[%emt 00:00:11]} Rd5 {[%clk 00:07:09]} {[%emt 00:00:27]} 46.
Rh6 {[%clk 00:22:45]} {[%emt 00:02:00]} Re4+ {[%clk 00:07:17]} {[%emt
00:00:22]} 47. Ka3 {[%clk 00:22:56]} {[%emt 00:00:18]} Kc8 {[%clk 00:06:30]}
{[%emt 00:01:17]} 48. Rh8+ {[%clk 00:23:07]} {[%emt 00:00:19]} Rd8 {[%clk
00:06:56]} {[%emt 00:00:04]} 49. Rhh7 {[%clk 00:23:30]} {[%emt 00:00:07]} Rd1
{[%clk 00:05:11]} {[%emt 00:02:16]} 50. e6 {[%clk 00:23:14]} {[%emt 00:00:46]}
Kd8 {[%clk 00:05:10]} {[%emt 00:00:31]} 51. Rb7 {[%clk 00:23:16]} {[%emt
00:00:27]} Kc8 {[%clk 00:05:32]} {[%emt 00:00:09]} 52. Rhc7+ {[%clk 00:23:38]}
{[%emt 00:00:07]} 1-0

[Event "2020 Australian Chess Championship"]
[Site "Sydney, Australia"]
[Date "2020.01.04"]
[Round "3.2"]
[White "Clarke, Brandon G I"]
[Black "Ikeda, Junta"]
[Result "0-1"]
[WhiteElo "2438"]
[BlackElo "2438"]

1. e4 {[%clk 01:30:57]} {[%emt 00:00:02]} g6 {[%clk 01:30:55]} {[%emt
00:00:05]} 2. d4 {[%clk 01:31:20]} {[%emt 00:00:06]} Bg7 {[%clk 01:31:22]}
{[%emt 00:00:04]} 3. Nf3 {[%clk 01:27:48]} {[%emt 00:04:01]} d6 {[%clk
01:31:19]} {[%emt 00:00:34]} 4. Bd3 {[%clk 01:27:23]} {[%emt 00:00:55]} Nf6
{[%clk 01:28:13]} {[%emt 00:03:36]} 5. O-O {[%clk 01:27:49]} {[%emt 00:00:04]}
O-O {[%clk 01:28:01]} {[%emt 00:00:43]} 6. c3 {[%clk 01:26:14]} {[%emt
00:02:04]} Nc6 {[%emt 00:00:39]} 7. Nbd2 {[%clk 01:14:14]} {[%emt 00:12:29]} e5
{[%clk 01:26:13]} {[%emt 00:02:11]} 8. dxe5 {[%clk 01:12:16]} {[%emt 00:02:28]}
Nxe5 {[%clk 01:11:51]} {[%emt 00:14:53]} 9. Nxe5 {[%clk 01:12:15]} {[%emt
00:00:31]} dxe5 {[%clk 01:12:17]} {[%emt 00:00:05]} 10. Nc4 {[%clk 01:11:30]}
{[%emt 00:01:15]} Nh5 {[%clk 01:07:34]} {[%emt 00:05:12]} 11. Re1 {[%clk
00:47:19]} {[%emt 00:24:41]} Be6 {[%clk 01:03:23]} {[%emt 00:04:42]} 12. Be3
{[%clk 00:45:47]} {[%emt 00:02:01]} b6 {[%clk 00:50:13]} {[%emt 00:13:41]} 13.
Bf1 {[%clk 00:40:44]} {[%emt 00:05:32]} Qe8 {[%clk 00:49:10]} {[%emt 00:01:33]}
14. f3 {[%clk 00:36:36]} {[%emt 00:04:38]} Qc6 {[%clk 00:42:40]} {[%emt
00:07:00]} 15. Nd2 {[%clk 00:35:57]} {[%emt 00:01:08]} Kh8 {[%clk 00:31:09]}
{[%emt 00:12:02]} 16. a4 {[%clk 00:35:58]} {[%emt 00:00:30]} f5 {[%clk
00:28:20]} {[%emt 00:03:19]} 17. a5 {[%clk 00:35:22]} {[%emt 00:01:06]} Rad8
{[%clk 00:27:24]} {[%emt 00:01:25]} 18. Qc2 {[%clk 00:29:19]} {[%emt 00:06:34]}
Nf6 {[%clk 00:24:08]} {[%emt 00:03:46]} 19. exf5 {[%clk 00:23:25]} {[%emt
00:06:23]} gxf5 {[%clk 00:21:39]} {[%emt 00:03:00]} 20. axb6 {[%clk 00:19:10]}
{[%emt 00:04:45]} axb6 {[%clk 00:21:43]} {[%emt 00:00:26]} 21. Bg5 {[%clk
00:18:41]} {[%emt 00:00:58]} e4 {[%clk 00:09:16]} {[%emt 00:12:57]} 22. Kh1
{[%clk 00:16:22]} {[%emt 00:02:49]} Bd5 {[%clk 00:07:19]} {[%emt 00:02:28]} 23.
fxe4 {[%clk 00:14:30]} {[%emt 00:02:22]} fxe4 {[%clk 00:07:04]} {[%emt
00:00:45]} 24. Be2 {[%clk 00:07:35]} {[%emt 00:07:25]} e3 {[%clk 00:04:42]}
{[%emt 00:02:52]} 25. Nf3 {[%clk 00:08:04]} {[%emt 00:00:01]} Rde8 {[%clk
00:03:54]} {[%emt 00:01:18]} 26. Kg1 {[%clk 00:06:14]} {[%emt 00:02:19]} Ne4
{[%clk 00:02:19]} {[%emt 00:02:05]} 27. Bh4 {[%clk 00:04:09]} {[%emt 00:02:35]}
Qh6 {[%clk 00:02:04]} {[%emt 00:00:45]} 28. Red1 {[%clk 00:03:24]} {[%emt
00:01:16]} Nd2 {[%clk 00:01:39]} {[%emt 00:00:54]} 29. Bg5 {[%clk 00:02:17]}
{[%emt 00:01:36]} Qh5 {[%clk 00:01:40]} {[%emt 00:00:29]} 30. Bxe3 {[%clk
00:00:34]} {[%emt 00:02:13]} Nxf3+ {[%clk 00:01:38]} {[%emt 00:00:32]} 0-1

[Event "2020 Australian Chess Championship"]
[Site "Sydney, Australia"]
[Date "2020.01.04"]
[Round "3.3"]
[White "Bjelobrk, Igor"]
[Black "Wallis, Christopher"]
[Result "1/2-1/2"]
[WhiteElo "2403"]
[BlackElo "2322"]

1. d4 {[%clk 01:29:40]} {[%emt 00:01:21]} d5 {[%clk 01:30:49]} {[%emt
00:00:09]} 2. c4 {[%clk 01:30:00]} {[%emt 00:00:11]} e6 {[%clk 01:31:07]}
{[%emt 00:00:11]} 3. Nf3 {[%clk 01:30:21]} {[%emt 00:00:10]} Nf6 {[%clk
01:31:26]} {[%emt 00:00:10]} 4. g3 {[%clk 01:30:37]} {[%emt 00:00:15]} Bb4+
{[%clk 01:31:44]} {[%emt 00:00:12]} 5. Nc3 {[%clk 01:29:06]} {[%emt 00:02:02]}
O-O {[%clk 01:31:46]} {[%emt 00:00:28]} 6. Bg2 {[%clk 01:29:22]} {[%emt
00:00:14]} dxc4 {[%clk 01:31:59]} {[%emt 00:00:17]} 7. O-O {[%clk 01:29:32]}
{[%emt 00:00:19]} Nc6 {[%clk 01:32:14]} {[%emt 00:00:14]} 8. Qa4 {[%clk
01:29:16]} {[%emt 00:00:46]} Nd5 {[%clk 01:32:04]} {[%emt 00:00:40]} 9. Qc2
{[%clk 01:29:12]} {[%emt 00:00:35]} Be7 {[%clk 01:31:35]} {[%emt 00:00:58]} 10.
Rd1 {[%clk 01:29:17]} {[%emt 00:00:24]} Rb8 {[%clk 01:29:29]} {[%emt 00:02:36]}
11. Ne5 {[%clk 01:22:32]} {[%emt 00:07:16]} Nxc3 {[%emt 00:23:47]} 12. Nxc6
{[%clk 01:14:37]} {[%emt 00:08:08]} Nxe2+ {[%clk 01:06:43]} {[%emt 00:00:16]}
13. Qxe2 {[%clk 01:14:56]} {[%emt 00:00:11]} bxc6 {[%clk 01:07:06]} {[%emt
00:00:06]} 14. Qxc4 {[%clk 01:12:19]} {[%emt 00:09:01]} Rb4 15. Qc3 {[%clk
00:57:27]} {[%emt 00:23:48]} Bb7 16. Be3 {[%emt 00:23:33]} Qb8 {[%emt
00:18:34]} 17. Rd2 {[%clk 00:27:10]} {[%emt 00:05:57]} c5 18. Bxb7 {[%clk
00:25:41]} {[%emt 00:14:34]} Qxb7 19. Rad1 {[%emt 00:14:17]} Bf6 {[%emt
00:00:58]} 20. Qxc5 {[%emt 00:03:54]} Rxb2 {[%clk 00:08:44]} {[%emt 00:00:32]}
21. Rxb2 {[%clk 00:25:17]} Qxb2 {[%clk 00:09:07]} {[%emt 00:00:29]} 22. Qxa7
{[%clk 00:25:34]} Qb6 {[%clk 00:06:06]} {[%emt 00:08:05]} 23. Qa4 {[%clk
00:17:37]} {[%emt 00:04:33]} Qb7 24. Rc1 {[%clk 00:14:58]} {[%emt 00:01:17]}
Be7 25. Qc6 {[%emt 00:04:18]} Qxc6 {[%clk 00:05:06]} {[%emt 00:00:08]} 26. Rxc6
{[%emt 00:00:26]} Bd6 {[%clk 00:05:06]} {[%emt 00:00:08]} 27. a4 {[%emt
00:00:44]} Ra8 {[%clk 00:05:19]} {[%emt 00:00:01]} 28. Rc4 {[%clk 00:15:34]}
{[%emt 00:00:21]} Kf8 {[%clk 00:03:05]} {[%emt 00:02:44]} 29. Bd2 {[%clk
00:15:02]} {[%emt 00:01:02]} Ke8 {[%clk 00:03:23]} {[%emt 00:00:10]} 30. Kf1
{[%clk 00:15:14]} {[%emt 00:00:20]} Kd7 {[%clk 00:03:44]} {[%emt 00:00:09]} 31.
Ke2 {[%clk 00:15:08]} {[%emt 00:00:36]} h5 {[%clk 00:03:29]} {[%emt 00:00:45]}
32. h4 {[%clk 00:15:11]} c6 {[%clk 00:03:11]} {[%emt 00:01:15]} 33. Kd3 {[%clk
00:15:06]} Kc7 {[%clk 00:02:03]} {[%emt 00:02:13]} 34. Bb4 {[%clk 00:10:05]}
Bxb4 {[%clk 00:02:01]} {[%emt 00:06:04]} 35. Rxb4 {[%clk 00:10:30]} Ra7 {[%clk
00:02:27]} {[%emt 00:00:09]} 36. Kc3 {[%clk 00:09:05]} Ra5 {[%clk 00:01:40]}
{[%emt 00:03:12]} 37. Rc4 {[%clk 00:06:49]} Rf5 {[%clk 00:01:49]} {[%emt
00:03:08]} 38. f4 {[%emt 00:00:06]} Kb6 {[%clk 00:01:05]} {[%emt 00:01:13]} 39.
Kb4 {[%clk 00:06:40]} Rd5 {[%clk 00:01:15]} {[%emt 00:01:22]} 40. Kc3 {[%clk
00:06:24]} g6 {[%clk 00:01:17]} {[%emt 00:01:15]} 41. Rb4+ {[%clk 00:06:09]}
Ka7 {[%clk 00:01:17]} 42. Rc4 {[%clk 00:06:09]} 1/2-1/2

[Event "2020 Australian Chess Championship"]
[Site "Sydney, Australia"]
[Date "2020.01.04"]
[Round "3.7"]
[White "Parle, Hughston"]
[Black "Hu, Jason"]
[Result "1/2-1/2"]
[WhiteElo "2057"]
[BlackElo "2159"]

1. e4 {[%clk 01:30:38]} {[%emt 00:00:20]} c6 {[%clk 01:30:46]} {[%emt
00:00:06]} 2. d4 {[%clk 01:31:03]} {[%emt 00:00:13]} d5 {[%clk 01:31:13]}
{[%emt 00:00:04]} 3. exd5 {[%clk 01:30:33]} {[%emt 00:01:00]} cxd5 {[%clk
01:31:38]} {[%emt 00:00:05]} 4. Bd3 {[%clk 01:30:58]} {[%emt 00:00:05]} Nc6
{[%clk 01:31:56]} {[%emt 00:00:11]} 5. c3 {[%clk 01:31:21]} {[%emt 00:00:07]}
Nf6 {[%clk 01:32:20]} {[%emt 00:00:07]} 6. Bf4 {[%clk 01:31:10]} {[%emt
00:00:45]} Bg4 {[%clk 01:32:09]} {[%emt 00:00:36]} 7. Qb3 {[%clk 01:29:38]}
{[%emt 00:02:03]} Na5 {[%clk 01:30:03]} {[%emt 00:02:36]} 8. Qa4+ {[%clk
01:27:36]} {[%emt 00:02:32]} Bd7 {[%clk 01:29:33]} {[%emt 00:00:59]} 9. Qc2
{[%clk 01:27:54]} {[%emt 00:00:12]} Qb6 {[%clk 01:25:42]} {[%emt 00:04:20]} 10.
a4 {[%clk 01:23:33]} {[%emt 00:04:52]} Rc8 {[%clk 01:24:25]} {[%emt 00:01:47]}
11. Nd2 {[%clk 01:23:18]} {[%emt 00:00:45]} Nc4 {[%clk 01:14:42]} {[%emt
00:10:13]} 12. Nxc4 {[%clk 01:22:35]} {[%emt 00:01:13]} dxc4 {[%clk 01:15:01]}
{[%emt 00:00:11]} 13. Be2 {[%clk 01:22:42]} {[%emt 00:00:24]} Qa5 {[%clk
01:06:51]} {[%emt 00:08:39]} 14. Nf3 {[%clk 01:18:10]} {[%emt 00:05:01]} Bf5
{[%clk 01:06:35]} {[%emt 00:00:46]} 15. Qc1 {[%clk 01:10:50]} {[%emt 00:07:52]}
Be4 {[%clk 01:03:02]} {[%emt 00:04:02]} 16. O-O {[%clk 00:54:55]} {[%emt
00:16:25]} Qf5 {[%clk 00:38:52]} {[%emt 00:24:40]} 17. Ne5 {[%clk 00:48:10]}
{[%emt 00:07:15]} Bd5 {[%clk 00:35:13]} {[%emt 00:04:08]} 18. Qe3 {[%clk
00:29:26]} {[%emt 00:19:14]} h5 {[%clk 00:30:05]} {[%emt 00:05:37]} 19. b3
{[%clk 00:21:00]} {[%emt 00:08:57]} cxb3 {[%clk 00:24:31]} {[%emt 00:06:04]} 20.
Bb5+ {[%clk 00:21:02]} {[%emt 00:00:28]} Bc6 {[%clk 00:24:13]} {[%emt
00:00:48]} 21. Bd3 {[%clk 00:17:41]} {[%emt 00:03:51]} Be4 {[%clk 00:16:09]}
{[%emt 00:08:33]} 22. Bb5+ {[%clk 00:17:36]} {[%emt 00:00:35]} Bc6 {[%clk
00:16:04]} {[%emt 00:00:36]} 23. Bd3 {[%emt 00:00:24]} 1/2-1/2

[Event "2020 Australian Chess Championship"]
[Site "Sydney, Australia"]
[Date "2020.01.04"]
[Round "3.8"]
[White "Huynh, Arthur"]
[Black "Nakauchi, Gene"]
[Result "0-1"]
[WhiteElo "2136"]
[BlackElo "2150"]

1. d4 {[%clk 01:31:00]} {[%emt 00:01:52]} Nf6 {[%clk 01:23:47]} {[%emt
00:07:15]} 2. c4 {[%clk 01:31:13]} {[%emt 00:00:16]} c5 {[%clk 01:24:11]}
{[%emt 00:00:06]} 3. d5 {[%clk 01:31:29]} {[%emt 00:00:14]} e6 {[%clk
01:24:35]} {[%emt 00:00:06]} 4. Nc3 {[%clk 01:31:38]} {[%emt 00:00:20]} exd5
{[%clk 01:24:58]} {[%emt 00:00:07]} 5. cxd5 {[%clk 01:31:57]} {[%emt 00:00:12]}
d6 {[%clk 01:25:23]} {[%emt 00:00:05]} 6. e4 {[%clk 01:32:15]} {[%emt
00:00:12]} g6 {[%clk 01:25:45]} {[%emt 00:00:07]} 7. h3 {[%clk 01:32:29]}
{[%emt 00:00:16]} Bg7 {[%clk 01:25:36]} {[%emt 00:00:39]} 8. Nf3 {[%clk
01:32:40]} {[%emt 00:00:19]} O-O {[%clk 01:25:56]} {[%emt 00:00:11]} 9. Bd3
{[%clk 01:32:37]} {[%emt 00:00:33]} Na6 {[%clk 01:21:10]} {[%emt 00:05:16]} 10.
O-O {[%clk 01:31:18]} {[%emt 00:01:48]} Rb8 {[%clk 01:20:07]} {[%emt 00:01:35]}
11. Re1 {[%clk 01:27:39]} {[%emt 00:04:09]} Nc7 {[%clk 01:19:25]} {[%emt
00:01:12]} 12. a4 {[%clk 01:27:23]} {[%emt 00:00:46]} a6 {[%clk 01:19:45]}
{[%emt 00:00:10]} 13. a5 {[%clk 01:26:40]} {[%emt 00:01:13]} b5 {[%clk
01:18:08]} {[%emt 00:02:07]} 14. axb6 {[%clk 01:26:16]} {[%emt 00:00:54]} Rxb6
{[%clk 01:18:30]} {[%emt 00:00:08]} 15. Nd2 {[%clk 01:24:44]} {[%emt 00:02:01]}
Nb5 {[%clk 01:17:37]} {[%emt 00:01:23]} 16. Nc4 {[%clk 01:24:06]} {[%emt
00:01:08]} Rb8 {[%clk 01:17:27]} {[%emt 00:00:40]} 17. Bg5 {[%clk 01:13:11]}
{[%emt 00:11:24]} Qc7 {[%clk 01:15:10]} {[%emt 00:02:47]} 18. Bf4 {[%clk
01:05:22]} {[%emt 00:08:19]} Ne8 {[%clk 01:14:59]} {[%emt 00:00:41]} 19. e5
{[%clk 01:04:58]} {[%emt 00:00:55]} dxe5 {[%clk 01:11:08]} {[%emt 00:04:22]} 20.
Nxe5 {[%clk 01:04:21]} {[%emt 00:01:07]} Nbd6 {[%clk 01:06:13]} {[%emt
00:05:24]} 21. Nc4 {[%clk 01:02:37]} {[%emt 00:02:14]} Qd8 {[%clk 01:02:46]}
{[%emt 00:03:57]} 22. Rxe8 {[%clk 01:02:05]} {[%emt 00:01:02]} Rxe8 {[%clk
01:01:36]} {[%emt 00:01:40]} 23. Nxd6 {[%clk 00:58:42]} {[%emt 00:03:53]} Rxb2
{[%clk 00:59:33]} {[%emt 00:02:33]} 24. Nxe8 {[%clk 00:56:46]} {[%emt
00:02:26]} Bxc3 {[%clk 00:59:21]} {[%emt 00:00:41]} 25. Nd6 {[%clk 00:54:33]}
{[%emt 00:02:44]} Bd4 {[%clk 00:55:54]} {[%emt 00:03:57]} 26. Ra4 {[%clk
00:47:00]} {[%emt 00:08:03]} Bxf2+ {[%clk 00:21:35]} {[%emt 00:34:48]} 27. Kh2
{[%clk 00:46:07]} {[%emt 00:01:23]} Bxh3 {[%clk 00:18:46]} {[%emt 00:03:19]} 28.
Be5 {[%clk 00:26:38]} {[%emt 00:20:00]} Qg5 {[%clk 00:16:30]} {[%emt 00:02:45]}
29. Kxh3 {[%clk 00:25:37]} {[%emt 00:01:32]} Rd2 {[%clk 00:14:14]} {[%emt
00:02:46]} 0-1

[Event "2020 Australian Chess Championship"]
[Site "Sydney, Australia"]
[Date "2020.01.04"]
[Round "3.9"]
[White "Ng, Clive"]
[Black "Kethro, Michael"]
[Result "0-1"]
[WhiteElo "2061"]
[BlackElo "2093"]

1. e4 {[%clk 01:30:59]} c5 {[%clk 01:31:00]} 2. Nf3 {[%clk 01:30:59]} e6 {[%clk
01:31:00]} 3. d4 {[%clk 01:30:59]} cxd4 {[%clk 01:31:00]} 4. Nxd4 {[%clk
01:30:59]} Nc6 {[%clk 01:31:00]} 5. Nc3 {[%clk 01:30:59]} Qc7 {[%clk 01:31:00]}
6. Be3 {[%clk 01:30:59]} a6 {[%clk 01:31:00]} 7. Qd2 {[%clk 01:30:59]} Nf6
{[%clk 01:31:00]} 8. O-O-O {[%clk 01:30:59]} Be7 {[%clk 01:31:00]} 9. f3 {[%clk
01:30:59]} b5 {[%clk 01:31:00]} 10. g4 {[%clk 01:30:59]} Nxd4 {[%clk 01:31:00]}
11. Bxd4 {[%clk 01:30:59]} Bb7 {[%clk 01:31:00]} 12. g5 {[%clk 01:30:59]} Nh5
{[%clk 01:31:00]} 13. Be5 {[%clk 01:30:59]} Qxe5 {[%clk 01:31:00]} 14. Qxd7+
{[%clk 01:30:59]} Kf8 {[%clk 01:31:00]} 15. Qxb7 {[%clk 01:30:59]} Bxg5+ {[%clk
01:31:00]} 16. Kb1 {[%clk 01:30:59]} Qb8 {[%clk 01:31:00]} 17. Rd7 {[%clk
01:30:59]} Qxb7 {[%clk 01:31:00]} 18. Rxb7 {[%clk 01:30:59]} Bf6 {[%clk
01:31:00]} 19. a4 {[%clk 01:30:59]} Bxc3 {[%clk 01:31:00]} 20. bxc3 {[%clk
01:30:59]} bxa4 {[%clk 01:31:00]} 21. Bxa6 {[%clk 01:30:59]} g5 {[%clk
01:31:00]} 22. Bb5 {[%clk 01:30:59]} Nf4 {[%clk 01:31:00]} 23. Rd1 {[%clk
01:30:59]} Kg7 {[%clk 01:31:00]} 24. Rdd7 {[%clk 01:30:59]} Rhf8 {[%clk
01:31:00]} 25. Ra7 {[%clk 01:30:59]} Rab8 {[%clk 01:31:00]} 26. Rdb7 {[%clk
01:30:59]} Ng6 {[%clk 01:31:00]} 27. c4 {[%clk 01:30:59]} Ne5 {[%clk 01:31:00]}
28. Bxa4 {[%clk 01:30:59]} Nxc4 {[%clk 01:31:00]} 29. Bb3 {[%clk 01:30:59]}
Nd2+ {[%clk 01:31:00]} 30. Kc1 {[%clk 01:30:59]} Rxb7 {[%clk 01:31:00]} 31.
Rxb7 {[%clk 01:30:59]} Nxf3 {[%clk 01:31:00]} 32. Bxe6 {[%clk 01:30:59]} Nxh2
{[%clk 01:31:00]} 33. c4 {[%clk 01:30:59]} Nf3 {[%clk 01:31:00]} 34. c5 {[%clk
01:30:59]} Kf6 {[%clk 01:31:00]} 35. Bf5 {[%clk 01:30:59]} Nd4 {[%clk
01:31:00]} 36. Bd7 {[%clk 01:30:59]} Ne6 {[%clk 01:31:00]} 37. Rb5 {[%clk
01:30:59]} Nd4 {[%clk 01:31:00]} 38. Rb4 {[%clk 01:30:59]} Ke5 {[%clk
01:31:00]} 39. c6 {[%clk 01:30:59]} Ne6 {[%clk 01:31:00]} 40. Rb7 {[%clk
01:30:59]} Kd6 {[%clk 01:31:00]} 41. Rb5 {[%clk 01:30:59]} f6 {[%clk 01:31:00]}
42. Rd5+ {[%clk 01:30:59]} Ke7 {[%clk 01:31:00]} 43. Rf5 {[%clk 01:30:59]} Nd4
{[%clk 01:31:00]} 44. Rd5 {[%clk 01:30:59]} Nxc6 {[%clk 01:31:00]} 45. Bxc6
{[%clk 01:30:59]} Rc8 {[%clk 01:31:00]} 46. Rd7+ {[%clk 01:30:59]} Ke6 {[%clk
01:31:00]} 47. Rxh7 {[%clk 01:30:59]} Rxc6+ {[%clk 01:31:00]} 48. Kd2 {[%clk
01:30:59]} Ke5 {[%clk 01:31:00]} 49. Kd3 {[%clk 01:30:59]} Kf4 {[%clk
01:31:00]} 50. Rd7 {[%clk 01:30:59]} g4 {[%clk 01:31:00]} 51. Rd5 {[%clk
01:30:59]} Kf3 {[%clk 01:31:00]} 52. Rf5 {[%clk 01:30:59]} Kg2 {[%clk
01:31:00]} 53. Ke3 {[%clk 01:30:59]} g3 {[%clk 01:31:00]} 54. Kf4 {[%clk
01:30:59]} Ra6 {[%clk 01:31:00]} 55. Kg4 {[%clk 01:30:59]} Ra4 {[%clk
01:31:00]} 56. Rf4 {[%clk 01:30:59]} Kh2 {[%clk 01:31:00]} 57. Rxf6 {[%clk
01:30:59]} Rxe4+ {[%clk 01:31:00]} 58. Kf3 {[%clk 01:30:59]} Rh4 {[%clk
01:31:00]} 59. Rg6 {[%clk 01:30:59]} Rh8 {[%clk 01:31:00]} 60. Rg7 {[%clk
01:30:59]} Rf8+ {[%clk 01:31:00]} 61. Ke2 {[%clk 01:30:59]} g2 {[%clk
01:31:00]} 62. Rh7 {[%clk 01:30:59]} Kg1 {[%clk 01:31:00]} 63. Rh6 {[%clk
01:30:59]} Re8+ {[%clk 01:31:00]} 64. Kd2 {[%clk 01:30:59]} Re5 {[%clk
01:31:00]} 0-1

[Event "2020 Australian Chess Championship"]
[Site "Sydney, Australia"]
[Date "2020.01.04"]
[Round "3.10"]
[White "Kargosha, Bahman"]
[Black "Lo, Willis"]
[Result "1-0"]
[WhiteElo "2101"]
[BlackElo "2108"]

1. d4 Nf6 2. c4 e6 3. Nc3 Bb4 4. e3 O-O 5. Bd3 d5 6. Nf3 c5 7. O-O cxd4 8. exd4
dxc4 9. Bxc4 b6 10. Bg5 Bb7 11. Qe2 Nbd7 12. Rac1 Qb8 13. Ne5 Nxe5 14. dxe5
Bxc3 15. bxc3 Ne4 16. Bf4 Rc8 17. f3 Qc7 18. Rfd1 Qxc4 19. Rd8+ Rxd8 20. Qxc4
Nc5 21. Bg5 Rd5 22. Qg4 Kh8 23. c4 Rd7 24. Qg3 Rc8 25. h4 Nd3 26. Rc3 Nb2 27.
Qf4 h5 28. Bf6 Kh7 29. Qg5 g6 30. Be7 Re8 31. Ba3 Nd3 32. Qe3 Red8 33. Bd6 Nc5
34. Qf4 Na6 35. Kh2 Nc7 36. Ba3 Rc8 37. Bc1 Ne8 38. Qh6+ Kg8 39. Bg5 f6 40.
exf6 1-0